Normal view
MARC view
Entry Personal Name
001 - CONTROL NUMBER
- control field: 11140
003 - CONTROL NUMBER IDENTIFIER
- control field: OSt
005 - DATE AND TIME OF LATEST TRANSACTION
- control field: 20161004141308.0
008 - FIXED-LENGTH DATA ELEMENTS
- fixed length control field: 161004|| aca||aabn | a|a d
040 ## - CATALOGING SOURCE
- Original cataloging agency: OSt
- Transcribing agency: OSt
100 ## - HEADING--PERSONAL NAME
- Personal name: Micheal-Titus,Adina;Revest,Patricia;shortland,Peter;
670 ## - SOURCE DATA FOUND
- Source citation: Work cat.: (OSt): Micheal-Titus,Adina;Revest,Patricia;shortland,Peter;, The Nervous system., 2007.
